<?xml version="1.0" encoding="UTF-8"?>
<marc:record xmlns:marc="http://www.loc.gov/MARC21/slim">
   <marc:leader>00000nam a2200000 a 4500</marc:leader>
   <marc:datafield ind1="1" ind2=" " tag="100">
      <marc:subfield code="a">Mothes, Ulla</marc:subfield>
      <marc:subfield code="4">aut</marc:subfield>
      <marc:subfield code="e">Verfasser/-in</marc:subfield>
   </marc:datafield>
   <marc:datafield ind1="0" ind2="0" tag="245">
      <marc:subfield code="a">Der rote Flitzer</marc:subfield>
   </marc:datafield>
   <marc:datafield ind1="0" ind2="0" tag="245">
      <marc:subfield code="c">Ulla Mothes. Mit Ill. von Thilo Krapp</marc:subfield>
   </marc:datafield>
   <marc:datafield ind1=" " ind2="1" tag="264">
      <marc:subfield code="a">Hamburg</marc:subfield>
      <marc:subfield code="b">Dressler</marc:subfield>
      <marc:subfield code="c">2005</marc:subfield>
   </marc:datafield>
   <marc:datafield ind1="1" ind2=" " tag="520">
      <marc:subfield code="a">Eigentlich will Rafael mit Lars gar nichts zu tun haben. Aber dann zeigt Lars ihm seinen Geheimplatz: eine verlassene Autowerkstatt, in dem ein wunderschöner, alter roter Sportwagen steht. Rafael lässt sich überreden, das Auto gemeinsam mit Lars und der "Strickjackenoma" Liselotte wieder flott zu machen. Liselotte, für die der Wagen ein Jugendtraum ist, will sogar fahren lernen, damit die drei sich ihren Traum einer sommerlichen Landpartie erfüllen können. Doch es gibt noch andere, die sich für das Auto interessieren. Und eines Morgens, als die drei in die Werkstatt kommen, ist das Auto verschwunden! Ein tolles Kinderbuch für kleine Autofans und alle anderen</marc:subfield>
   </marc:datafield>
   <marc:datafield ind1=" " ind2=" " tag="020">
      <marc:subfield code="a">9783791512617</marc:subfield>
      <marc:subfield code="9">9783791512617</marc:subfield>
   </marc:datafield>
   <marc:datafield ind1=" " ind2=" " tag="020">
      <marc:subfield code="a">3791512617</marc:subfield>
      <marc:subfield code="9">3791512617</marc:subfield>
   </marc:datafield>
   <marc:datafield ind1=" " ind2=" " tag="041">
      <marc:subfield code="a">ger</marc:subfield>
   </marc:datafield>
   <marc:datafield ind1=" " ind2=" " tag="300">
      <marc:subfield code="a">234 S.</marc:subfield>
   </marc:datafield>
</marc:record>
